Minecraft by letter-D - Statistics

General Stats
  • This quiz has been taken 216 times
  • The average score is 10 of 15
Answer Stats
Description First Two Letters Answer % Correct
Used to make things different colors DY Dye
92%
Can be path, grass, rooted, coarse, podzol, tilled or mycelium DI Dirt
88%
Type of Wood DA Dark Oak
85%
Whitish Stone DI Diorite
83%
I think you will all type this without a hint DI Diamond
75%
Stalagmite-like block DR Dripstone
75%
Popular Minecraft YouTuber DR Dream
69%
Kind of like a solar panel DA Daylight Sensor
67%
Enchantment that makes you go faster underwater DE Depth Strider
61%
Can lead you to shipwrecks DO Dolphin
60%
Type of Prismarine DA Dark prismarine
59%
Type of coral DE Dead
50%
Made out of kelp DR Dried kelp block
50%
Used to make Lingering Potions DR Dragon’s Breath
47%
Type of ore DE Deepslate
43%
No matching quizzes found
Score Distribution
Percent of People with Each Score
Percentile by Number Answered
Your Score History
You have not taken this quiz